00427nam a2200193Ia 4500003000900000008004100009040001300050040001300063041000800076100001400084245005100098250000900149260002100158260000900179300001100188300001000199490001600209490000800225IT-RoPAU120407s9999 xx 000 0 und d aIT-RoPAU cIT-RoPAU aita aErnst Ell aFascino entusiasmo e stupore nell’educazione aRoma aEdizioni Paoline c1974 a226 p. c18 cm aLa famiglia v168